D S M survey in India : awareness barriers and implementability (Record no. 17457)
[ view plain ]
| 000 -LEADER | |
|---|---|
| fixed length control field | 00338nam a2200121Ia 4500 |
| 003 - CONTROL NUMBER IDENTIFIER | |
| control field | OSt |
| 082 ## - DEWEY DECIMAL CLASSIFICATION NUMBER | |
| Classification number | 650 |
| Item number | JYO/DS |
| 100 ## - MAIN ENTRY--PERSONAL NAME | |
| Personal name | Jyothi,K Parikh |
| 245 ## - TITLE STATEMENT | |
| Title | D S M survey in India : awareness barriers and implementability |
| 260 ## - PUBLICATION, DISTRIBUTION, ETC. (IMPRINT) | |
| Place of publication, distribution, etc | Bombay |
| Name of publisher, distributor, etc | Indira Gandhi Institute Of Development Research |
| Date of publication, distribution, etc | 1996 |
| 546 ## - LANGUAGE | |
| Language note | English |
| 942 ## - ADDED ENTRY ELEMENTS (KOHA) | |
| Source of classification or shelving scheme | Dewey Decimal Classification |
| Koha item type | Report |
| Lost status | Source of classification or shelving scheme | Damaged status | Not for loan | Collection code | Home library | Current library | Shelving location | Date acquired | Total Checkouts | Full call number | Barcode | Date last seen | Koha item type |
|---|---|---|---|---|---|---|---|---|---|---|---|---|---|
| Dewey Decimal Classification | Reports | KAU Central Library, Thrissur | KAU Central Library, Thrissur | Reports | 18/03/2014 | 650 JYO/DS | 200885 | 18/03/2014 | Report |
